000 00634nam a2200241Ia 4500
003 OSt
005 20230403094355.0
008 210423s2011 xx 000 0 und d
020 _a230636101
040 _cAL
041 _aeng
082 _a332.1 INDI
100 _aINDIAN INSTITUTE OF BANKING AND FINANCE
_982124
245 _aLegal and regulatory aspects of banking
250 _a2
260 _aNew Delhi
_bMacmillan India Ltd
_c2011
300 _axiii,476
_bPB
365 _b365
_cINR
650 _aBanking
_982125
650 _aEconomics
_982126
906 _aaspects ; banking ; Legal ; regulatory
942 _2ddc
_cBK
999 _c157897
_d157897